02397nam a2200385 i 4500001001000000003000900010005001700019007000300036008004100039020001800080040003000098041000800128082002200136100003700158245007500195250002300270264011500293300004500408336002700453337003400480338002900514490004000543500005600583500003800639500007300677504003800750505088500788600003701673600004801710650004801758650006201806651006201868700004401930700003701974000046017DO-SdBNP20260218133846.0ta150611s2013 dr a 000 0 spa d a9789945471663 aDO-SdBNPbspacBNPHUerda aspa 4a972.93bD812L2221 aMella, Pablod1963-eautor4aut.14aLos espejos de Duarte /cPablo Mella ; prólogo, Raymundo González. aPrimera edición  aSanto Domingo, República Dominicana : bInstituto Filosófico Pedro Fco. Bonó, bPaulinas, MSC, c2013. a439 páginas :bilustraciones ;c23 cm. atextobtxt2rdacontent asin mediaciónbn2rdamedia  avolumenbnc2rdacarrier 0 aColección Pensamiento y vida ;v4 aIncluye datos biográficos del autor en la solapa. aIncluye notas a pie de páginas. aIncluye referencias bibliográficas y notas al pie de las páginas aBibliografía: páginas 420-439 a Introducción, 13 -- En el laberinto de los espejos : la historiografía dominicana y la interpretación duartiana, 23 -- La construcción discursiva del espejo : propuesta de análisis crítico del discurso para la literatura duartiana, 79 -- Estudio intertextual de los documentos en torno a Duarte : de los Apuntes de Rose Duarte a la literatura duartiana, 117 -- Duarte, anarquista y traidor de la Patria : las "proclamas" de Pedro Santana, julio 1844 , 175-- Duarte, elegido del Señor, Padre de la Patria : la "Apoteosis" de Fernando Meriño (1884), 233 -- Duarte, el amigo trinitario : los Apuntes para la historia de los trinitarios de José María Serra (1887), 279 -- Duarte, apóstol del derecho : la Exposición de Emiliano Tejera al Congreso Nacional (1894), 347 -- Reflexiones para concluir: el orden del discurso duartiano, 413 -- Apéndice final, 41810aDuarte, Juan Pablo, d1813-1876.10aDuarte, Juan Pablo,d813-1876 xInfluencia. 7a Influencia (literaria, artística, etc.)  7aAnálisis del discurso xAspectos políticos2LIBRUNAM  aRepública DominicanaxPolítica y gobierno 2LIBRUNAM 1 aGonzález, Raymundo,eprologuista4pr.1 aAlba Rocha, Karyecorrector4co.